<?xml version="1.0" encoding="UTF-8"?>
<collection xmlns="http://www.loc.gov/MARC21/slim">
 <record>
  <leader>00924nam#a2200313#c#4500</leader>
  <controlfield tag="001">UMA-000209</controlfield>
  <controlfield tag="003">UMA</controlfield>
  <controlfield tag="005">20250416    124300</controlfield>
  <controlfield tag="008">250221suuuu####   ##########||||#0#spa#d</controlfield>
  <datafield tag="041" ind1="0" ind2="#">
   <subfield code="a">spa</subfield>
  </datafield>
  <datafield tag="044" ind1="#" ind2="#">
   <subfield code="a">ag</subfield>
  </datafield>
  <datafield tag="082" ind1="0" ind2="4">
   <subfield code="a">CAJA Nº50 1433s PED</subfield>
  </datafield>
  <datafield tag="245" ind1="0" ind2="0">
   <subfield code="a">Pediatric annals</subfield>
   <subfield code="n">vol. 1 Nº5 oct. 2021</subfield>
  </datafield>
  <datafield tag="264" ind1="#" ind2="0">
   <subfield code="a">Buenos Aires, Argentina</subfield>
   <subfield code="b">Anejo Producciones</subfield>
   <subfield code="c">2021</subfield>
  </datafield>
  <datafield tag="300" ind1="#" ind2="#">
   <subfield code="a">32 páginas</subfield>
   <subfield code="c">30 x 22 cm</subfield>
  </datafield>
  <datafield tag="336" ind1="#" ind2="#">
   <subfield code="a">texto</subfield>
   <subfield code="b">txt</subfield>
   <subfield code="2">rdacontent</subfield>
  </datafield>
  <datafield tag="337" ind1="#" ind2="#">
   <subfield code="a">no mediado</subfield>
   <subfield code="b">n</subfield>
   <subfield code="2">rdamedia</subfield>
  </datafield>
  <datafield tag="338" ind1="#" ind2="#">
   <subfield code="a">volumen</subfield>
   <subfield code="b">nc</subfield>
   <subfield code="2">rdacarrier</subfield>
  </datafield>
  <datafield tag="500" ind1="#" ind2="#">
   <subfield code="a">Revista pediátrica</subfield>
  </datafield>
  <datafield tag="650" ind1="#" ind2="0">
   <subfield code="a">Pediatría</subfield>
  </datafield>
  <datafield tag="650" ind1="#" ind2="0">
   <subfield code="a">Revista pediátrica</subfield>
  </datafield>
  <datafield tag="650" ind1="#" ind2="0">
   <subfield code="a">Nódulo tiroideo</subfield>
  </datafield>
  <datafield tag="650" ind1="#" ind2="0">
   <subfield code="a">Artículos</subfield>
  </datafield>
  <datafield tag="650" ind1="#" ind2="0">
   <subfield code="a">Carcinoma diferenciado de tiroides</subfield>
  </datafield>
  <datafield tag="650" ind1="#" ind2="0">
   <subfield code="a">Hipoacusia neonatal</subfield>
  </datafield>
  <datafield tag="650" ind1="#" ind2="0">
   <subfield code="a">Hipoacusia congénita neurosensitiva</subfield>
  </datafield>
  <datafield tag="650" ind1="#" ind2="0">
   <subfield code="a">Sinusitis fúngica alérgica</subfield>
  </datafield>
  <datafield tag="650" ind1="#" ind2="0">
   <subfield code="a">Síndrome de ovario poliquístico</subfield>
  </datafield>
  <datafield tag="655" ind1="#" ind2="0">
   <subfield code="a">Revista</subfield>
  </datafield>
 </record>
</collection>
